header

Practical counselling and helping skills (Record no. 1892)

MARC details
000 -LEADER
fixed length control field 01347nam a2200337Ia 4500
100 1# - MAIN ENTRY--AUTHOR NAME
Personal name Nelson-Jones, Richard.
245 10 - TITLE STATEMENT
Title Practical counselling and helping skills
250 ## - EDITION STATEMENT
Edition statement 5th ed.
260 ## - PUBLICATION, DISTRIBUTION, ETC. (IMPRINT)
Place of publication London ;
-- Thousand Oaks, Calif. :
Name of publisher SAGE,
Year of publication 2005.
300 ## - PHYSICAL DESCRIPTION
Number of Pages xvii, 491 p. :
Other physical details ill.
500 ## - GENERAL NOTE
General note Previous ed.: London: Cassell, 1997.
650 #0 - SUBJECT ADDED ENTRY--TOPICAL TERM
Topical Term Counseling.
Topical Term Psychology.
856 40 - ELECTRONIC LOCATION AND ACCESS
Uniform Resource Identifier http://site.ebrary.com/lib/rucke/Doc?id=10285243

No items available.

© 2026 Rongo University
Contact us: librarian | system librarian | Rongo university